Pelletized carbon black for use in the rubber industry delivered in bulk or in bins- Specification for maximum fines content. (Record no. 74058)

MARC details
000 -LEADER
fixed length control field 00426nam a2200133Ia 4500
245 #0 - TITLE STATEMENT
Title Pelletized carbon black for use in the rubber industry delivered in bulk or in bins- Specification for maximum fines content.
260 ## - PUBLICATION, DISTRIBUTION, ETC. (IMPRINT)
Year of publication 1975
500 ## - GENERAL NOTE
General note Standard number: ISO 1866
650 ## - SUBJECT ADDED ENTRY--TOPICAL TERM
Topical Term Carbon black
650 ## - SUBJECT ADDED ENTRY--TOPICAL TERM
Topical Term Fines content
650 ## - SUBJECT ADDED ENTRY--TOPICAL TERM
Topical Term Rubber industry
942 ## - ADDED ENTRY ELEMENTS (KOHA)
Koha item type Standards
Holdings
Withdrawn status Lost status Damaged status Not for loan Collection code Home library Current library Date acquired Koha item type
      Standards ISO standards RRII Library RRII Library 31/12/2021 Standards